América del Sur : El Imperio de los Incas.

Guardado en:
Formato: Deslizar
Series:Huellas del Pasado
Materias:
Etiquetas: Agregar Etiqueta
Sin Etiquetas, Sea el primero en etiquetar este registro!
LEADER 00976ngm a22002775g 4500
001 CEM.cems021620
008 130507b1992##################0###0#####d
005 20240830161802.0
245 0 0 |a América del Sur :  |b El Imperio de los Incas. 
300 |a 28 
490 0 |a Huellas del Pasado 
500 |a En soporte VHS, consultar en ventanilla. 
505 0 |a Perú: ciudades representativas de la cultura incaica. Restos culturales. Enigmas históricos. Actividades de la antigüedad y del presente. Arte. Pulido de la piedra. Redes camineras. 
538 |a Soporte: VHS - Norma: Pal N - Color - Grabación DRD 1992 - Hitachi=3345 
082 5 7 |. 7/HUE-2 
653 |a ANTROPOLOGIA 
653 |a INCAS 
653 |a PRECOLOMBINO 
653 |a PERU 
653 |a ARTE 
653 |a AMERICA 
653 |a INCAS-CULTURA 
653 |a INCAS-ARTE 
653 |a HISTORIA 
653 |a NIVEL SECUNDARIO 
859 |a CEMS  |b BIB. CEMS - Depto. Recursos Didacticos  |h 572.7  |i HUE-2  |k DRD  |p 263.12  |t Ej.1